000 00506nam a2200157Ia 4500
003 IQ-KOUCL
041 _aArabic
082 _a912,02222 cut-24 ج
100 _a20260118u\\\\\\\\\\\y0engy0103\\\\ba
100 _aمصطفى جاد
245 0 _aالتراث والتغير الاجتماعي الكتاب العشرون اطلس دراسات التراث الشعبي
250 _aط1
260 _bمطبوعات مركز البحوث
_aالقاهرة - مصر
_c2004
300 _a507
942 _cBk
999 _c186948
_d186948